000 01447cam a22004694i 4500
003 PE-LiUPU
005 20250731173031.0
008 150623s r 000 0 d
020 _a1850758395
035 _a(Sirsi) i9781850758396
040 _aPE-LiUPU
_bspa
_cPE-LiUPU
_erda
049 _aPRUA
082 0 4 _a223.1
_bW55
_221
100 1 _aWhybray, Norman,
_eautor.
245 1 0 _aJob /
_cNorman Whybray.
264 1 _aSheffield, England :
_bSheffield Academic Press,
_c1998.
300 _a187 páginas ;
_c24 centímetros
336 _atext
_2rdacontent
337 _aunmediated
_2rdamedia
338 _avolume
_2rdacarrier
490 0 _aReadings: A New Biblical Comentary
504 _aIncluye bibliografía.
505 0 _aChapter's Job.
526 _aSEG42
526 _aSEG41
526 _aSEG40
526 _aSEG39
526 _aP94
526 _aP87
526 _aP86
526 _aP85
526 _aP77
526 _aP76
526 _aP35
630 _aBiblia.
_pA.T.
_pJob
_xComentarios.
942 _2ddc
_cBOOK
949 _a223.1 W55
_wDEWEY
_c1
_i48136
_lCCODEBUL1
_mBUL
_r0
_sY
_tBOOK
_u2015-6-24
_xTEOLOGIA
_PP35
_0COMPRA
_o.STAFF. Colección General
994 _aC0
_bPEPRU
596 _a1
999 _a223.1 W55
_wDEWEY
_c25109
_i48136
_d25109
_f2021-11-9
_g5
_lCCODEBUL1
_mBUL
_q3
_r0
_sY
_tBOOK
_u2015-6-24
_xTEOLOGIA
_PP35
_0COMPRA
_o.STAFF. Colección General
980 _81
_gALBERTO SANCHEZ Responsable de Automatización